Rubber in offshore engineering (Record no. 67684)

MARC details
000 -LEADER
fixed length control field 00351nam a2200109Ia 4500
100 ## - MAIN ENTRY--AUTHOR NAME
Personal name Stevenson A
245 #0 - TITLE STATEMENT
Title Rubber in offshore engineering
260 ## - PUBLICATION, DISTRIBUTION, ETC. (IMPRINT)
Name of publisher Proceedings of the International Rubber Conference, Kuala Lumpur, Malaysia, V.2. 1985; p645-676
650 ## - SUBJECT ADDED ENTRY--TOPICAL TERM
Topical Term Offshore engineering
942 ## - ADDED ENTRY ELEMENTS (KOHA)
Koha item type Journals
Holdings
Withdrawn status Lost status Damaged status Not for loan Home library Current library Shelving location Date acquired Koha item type
      Journals RRII Library RRII Library Rubber chemistry 17/12/2021 Journals